书目信息 |
| 题名: |
多变量反馈控制
|
|
| 作者: | 波斯尔思韦特 , 斯科格斯特德 著 ;张爱民 , 刘晓风 , 韩崇昭 译 | |
| 分册: | ||
| 出版信息: | 西安 西安交通大学出版社 2011 |
|
| 页数: | 11,504页 | |
| 开本: | 26cm | |
| 丛书名: | ||
| 单 册: | ||
| 中图分类: | TP271 | |
| 科图分类: | ||
| 主题词: | 多变量控制--反馈控制--系统设计 , 反馈控制 , 多变量控制 , 系统设计 | |
| 电子资源: | ||
| ISBN: | 978-7-5605-3971-3 | |
| 000 | 01567nam0 2200349 45 | |
| 001 | 1356801843 | |
| 005 | 20130514160440.29 | |
| 010 | @a978-7-5605-3971-3@dCNY78.00 | |
| 100 | @a20130108d2011 em y0chiy50 ea | |
| 101 | 1 | @achi@ceng |
| 102 | @aCN@b610000 | |
| 105 | @ay z 001yy | |
| 106 | @ar | |
| 200 | 1 | @a多变量反馈控制@ADuo Bian Liang Fan Kui Kong Zhi@e分析与设计@EFen Xi Yu She Ji@dMultivariable feedback control@eanalysis and design@f(挪)西格德·斯科格斯特德(Sigurd Skogestad),(英)伊恩·波斯尔思韦特(Ian Postlethwaite)著@F( Nuo ) Xi Ge De· Si Ke Ge Si Te De (Sigurd Skogestad),( Ying ) Yi En· Bo Si Er Si Wei Te (Ian Postlethwaite) Zhu@g韩崇昭,张爱民,刘晓风等译@zeng |
| 210 | @a西安@c西安交通大学出版社@d2011 | |
| 215 | @a11,504页@d26cm | |
| 300 | @a国外名校最新教材精选 | |
| 305 | @a据原书第2版译出 | |
| 330 | @a本书以严谨易读的方式介绍了鲁棒多变量控制系统的分析和设计,内容包括:经典反馈控制、多变量控制导论、线性系统理论基础、对SISO系统性能的限制等。 | |
| 510 | 1 | @aMultivariable feedback control@eanalysis and design@zeng |
| 606 | 0 | @a多变量控制@x反馈控制@x系统设计 |
| 606 | 0 | @a反馈控制 |
| 606 | 0 | @a多变量控制 |
| 606 | 0 | @a系统设计 |
| 690 | @aTP271@v5 | |
| 701 | 0 | @c(英)@a波斯尔思韦特@ABo Si Er Si Wei Te@c(Postlethwaite, Ian)@4著 |
| 701 | 0 | @c(挪)@a斯科格斯特德@ASi Ke Ge Si Te De@c(Skogestad, Sigurd)@4著 |
| 702 | 0 | @a张爱民@AZhang Ai Min@c(自动控制)@4译 |
| 702 | 0 | @a刘晓风@ALiu Xiao Feng@4译 |
| 702 | 0 | @a韩崇昭@AHan Chong Zhao@4译 |
| 801 | @aCN@bTANGWEI@c20130108 | |
| 905 | @b0829606-10@dTP271@e106@f5 | |
| 多变量反馈控制:分析与设计=Multivariable feedback control:analysis and design/(挪)西格德·斯科格斯特德(Sigurd Skogestad),(英)伊恩·波斯尔思韦特(Ian Postlethwaite)著/韩崇昭,张爱民,刘晓风等译.-西安:西安交通大学出版社,2011 |
| 11,504页;26cm |
| 国外名校最新教材精选 |
| ISBN 978-7-5605-3971-3:CNY78.00 |
| 本书以严谨易读的方式介绍了鲁棒多变量控制系统的分析和设计,内容包括:经典反馈控制、多变量控制导论、线性系统理论基础、对SISO系统性能的限制等。 |
| ● |
| 相关链接 |
|
|
|
|
正题名:多变量反馈控制
索取号:TP271/106
 
预约/预借
| 序号 | 登录号 | 条形码 | 馆藏地/架位号 | 状态 | 备注 |
| 1 | 0829606 | 208296066 | 第二样本阅览室/ [索取号:TP271/106] | 在馆 | |
| 2 | 0829607 | 208296075 | 第三借阅区/ [索取号:TP271/106] | 在馆 | |
| 3 | 0829608 | 208296084 | 第三借阅区/ [索取号:TP271/106] | 在馆 | |
| 4 | 0829609 | 208296093 | 第三借阅区/ [索取号:TP271/106] | 在馆 | |
| 5 | 0829610 | 208296100 | 第三借阅区/ [索取号:TP271/106] | 在馆 |